[Event "Junior Online 4NCL Division 3"]
[Site "online"]
[Date "2020.10.29"]
[Round "6.131"]
[White "Josse, Ben"]
[Black "Nagar, Nikunj"]
[Result "1-0"]
[WhiteElo "1000"]
[BlackElo "653"]
[PlyCount "91"]
[EventDate "2020.10.29"]
[WhiteTeam "Surrey Kings 2"]
[BlackTeam "East Kilbride Bishops"]

1. e4 c5 2. Nf3 Nc6 3. Bb5 a6 4. Bxc6 bxc6 5. d3 d5 6. Qe2 dxe4 7. dxe4 Qa5+ 8.
Nc3 Bg4 9. O-O Bxf3 10. Qxf3 Nf6 11. e5 Nd5 12. Nxd5 cxd5 13. Qxd5 Rd8 14. Qc6+
Rd7 15. Rd1 Qc7 16. Qxc7 Rxc7 17. Bf4 Rd7 18. c4 e6 19. b3 Be7 20. f3 f6 21.
Rxd7 Kxd7 22. Rd1+ Kc6 23. Kf1 Rd8 24. Rc1 Rd4 25. Be3 Rd3 26. Ke2 Rd7 27. exf6
Bxf6 28. Rd1 Rxd1 29. Kxd1 Bd4 30. Bxd4 cxd4 31. Ke2 Kd6 32. f4 e5 33. fxe5+
Kxe5 34. Kd3 g5 35. b4 h5 36. a4 g4 37. g3 Kd6 38. b5 a5 39. Kxd4 Kc7 40. c5
Kb7 41. c6+ Kc7 42. Kc5 Kc8 43. b6 Kb8 44. c7+ Kc8 45. Kc6 h4 46. b7# 1-0

[Event "Junior Online 4NCL Division 3"]
[Site "online"]
[Date "2020.10.29"]
[Round "6.132"]
[White "Roul, Karan"]
[Black "Gardner, Oliver"]
[Result "1-0"]
[WhiteElo "427"]
[BlackElo "1075"]
[PlyCount "49"]
[EventDate "2020.10.29"]
[WhiteTeam "East Kilbride Bishops"]
[BlackTeam "Surrey Kings 2"]

1. e4 e5 2. Nf3 Nf6 3. Nc3 Bc5 4. Nxe5 d6 5. Nf3 Nc6 6. Bb5 Bg4 7. Bxc6+ bxc6
8. d4 Bxf3 9. Qxf3 Bxd4 10. Be3 Bxc3+ 11. bxc3 O-O 12. O-O d5 13. exd5 cxd5 14.
Qg3 Ne4 15. Qe5 Re8 16. Qd4 Nd6 17. Rfd1 Nf5 18. Qxd5 Qc8 19. Qd7 Qb8 20. Qxf5
g6 21. Qf6 c5 22. Bh6 Re1+ 23. Rxe1 Qf8 24. Bxf8 Kxf8 25. Qh8# 1-0

[Event "Junior Online 4NCL Division 3"]
[Site "online"]
[Date "2020.10.29"]
[Round "6.133"]
[White "Liu, Reuben"]
[Black "Roul, Tushar"]
[Result "0-1"]
[WhiteElo "1000"]
[BlackElo "395"]
[PlyCount "72"]
[EventDate "2020.10.29"]
[WhiteTeam "Surrey Kings 2"]
[BlackTeam "East Kilbride Bishops"]

1. e4 d5 2. Nc3 d4 3. Nb5 c6 4. Na3 e5 5. Nf3 Bg4 6. h3 Bxf3 7. Qxf3 Nf6 8. Bc4
Bxa3 9. bxa3 Nbd7 10. d3 Qa5+ 11. c3 Qxc3+ 12. Bd2 Qxa1+ 13. Qd1 Qxd1+ 14. Kxd1
O-O 15. Bg5 h6 16. Bxf6 Nxf6 17. g4 c5 18. a4 b6 19. a3 Rab8 20. a5 bxa5 21. a4
Rb1+ 22. Ke2 Rxh1 23. Bxf7+ Rxf7 24. Kf3 Rb7 25. Kg3 Rb3 26. Kg2 Ra1 27. Kg3
Rxd3+ 28. f3 Nxe4+ 29. Kh4 Nf6 30. Kg3 Rxa4 31. Kh4 Rc4 32. Kg3 h5 33. Kh4 hxg4
34. hxg4 Rxf3 35. Kg5 d3 36. Kg6 Rxg4# 0-1

[Event "Junior Online 4NCL Division 3"]
[Site "online"]
[Date "2020.10.29"]
[Round "6.134"]
[White "Narasimhan, Srivathsan"]
[Black "Arora, Bukkan"]
[Result "1-0"]
[WhiteElo "410"]
[BlackElo "1000"]
[PlyCount "23"]
[EventDate "2020.10.29"]
[WhiteTeam "East Kilbride Bishops"]
[BlackTeam "Surrey Kings 2"]

1. e4 e5 2. Nf3 Nf6 3. Nc3 Nc6 4. Bc4 Bc5 5. O-O O-O 6. Nd5 Ng4 7. Nxe5 Ngxe5
8. Bb3 Ng6 9. d3 d6 10. Nc3 Bg4 11. Qxg4 Bxf2+ 12. Rxf2 1-0

[Event "Junior Online 4NCL Division 3"]
[Site "online"]
[Date "2020.10.29"]
[Round "6.135"]
[White "Nagar, Nikunj"]
[Black "Josse, Ben"]
[Result "0-1"]
[WhiteElo "653"]
[BlackElo "1000"]
[PlyCount "92"]
[EventDate "2020.10.29"]
[WhiteTeam "East Kilbride Bishops"]
[BlackTeam "Surrey Kings 2"]

1. e4 e6 2. d4 d5 3. e5 c5 4. c3 Nc6 5. Be3 Qb6 6. b3 Bd7 7. Na3 a6 8. c4 cxd4
9. Bd2 Bxa3 10. Bd3 Nxe5 11. Bc2 d3 12. Bb1 Nf6 13. Bc3 d4 14. Bd2 Bc6 15. Bf4
Ng6 16. Bg3 Bxg2 17. Bxd3 Bb4+ 18. Ke2 Bxh1 19. Nh3 Bc6 20. Qc2 O-O 21. a3 Bc3
22. Rc1 e5 23. Kf1 e4 24. Be2 Rfe8 25. Nf4 Rad8 26. b4 d3 27. Qxc3 dxe2+ 28.
Nxe2 Rd3 29. Qb2 Red8 30. Nc3 Rd2 31. Qb3 e3 32. Na4 e2+ 33. Ke1 Qd4 34. Nc3
Ne4 35. Nxe2 Rxe2+ 36. Kxe2 Qd2+ 37. Kf1 Qxc1+ 38. Kg2 Nd2+ 39. Kh3 Nxb3 40.
Kg4 Qxc4+ 41. Kh3 Qf1+ 42. Kg4 Rd4+ 43. Kf5 Bd7+ 44. Kg5 h6+ 45. Kh5 Qh3+ 46.
Bh4 Qxh4# 0-1

[Event "Junior Online 4NCL Division 3"]
[Site "online"]
[Date "2020.10.29"]
[Round "6.136"]
[White "Gardner, Oliver"]
[Black "Roul, Karan"]
[Result "0-1"]
[WhiteElo "1075"]
[BlackElo "427"]
[PlyCount "92"]
[EventDate "2020.10.29"]
[WhiteTeam "Surrey Kings 2"]
[BlackTeam "East Kilbride Bishops"]

1. e4 d5 2. d4 dxe4 3. Nc3 Nf6 4. Bb5+ c6 5. d5 e6 6. dxc6 Qxd1+ 7. Kxd1 Nxc6
8. Bxc6+ bxc6 9. Nge2 Bb4 10. Nd4 Bxc3 11. bxc3 Bd7 12. Rb1 O-O 13. Nb3 Rfd8
14. Ke1 Rab8 15. Bg5 Kf8 16. Nc5 Rxb1+ 17. Ke2 Rxh1 18. Bxf6 gxf6 19. Ke3 Re1+
20. Kd2 Ra1 21. Nb7 Rb8 22. Nd6 Rxa2 23. Nc4 c5 24. Ne3 f5 25. f3 exf3 26. gxf3
Rd8 27. Kc1 Ba4 28. Kb1 Ra3 29. Kb2 Bc6 30. Kxa3 Rb8 31. Ka2 Bxf3 32. Nc4 Bd5
33. h4 Bxc4+ 34. Ka1 Rb1+ 35. Kxb1 f4 36. Kc1 f3 37. Kd1 f2 38. Kd2 f1=Q 39.
Ke3 Qe2+ 40. Kf4 Qxc2 41. Ke5 Qxc3+ 42. Kd6 Qg3+ 43. Kxc5 Qxh4 44. Kc6 Qd4 45.
Kb7 Qb6+ 46. Ka8 Bd5# 0-1

[Event "Junior Online 4NCL Division 3"]
[Site "online"]
[Date "2020.10.29"]
[Round "6.137"]
[White "Roul, Tushar"]
[Black "Liu, Reuben"]
[Result "1-0"]
[WhiteElo "395"]
[BlackElo "1000"]
[PlyCount "65"]
[EventDate "2020.10.29"]
[WhiteTeam "East Kilbride Bishops"]
[BlackTeam "Surrey Kings 2"]

1. d4 d5 2. Nc3 Nf6 3. Bg5 Nc6 4. e3 e5 5. Bb5 Bc5 6. dxc5 a6 7. Bxc6+ bxc6 8.
e4 dxe4 9. Qxd8+ Kxd8 10. Nxe4 h6 11. Nxf6 hxg5 12. Ne4 f5 13. Nxg5 e4 14. Nf7+
Ke7 15. Nxh8 Kf8 16. O-O-O Kg8 17. Rd8+ Kh7 18. f3 Bb7 19. Rxa8 Bxa8 20. Nf7
Kg6 21. Ne5+ Kf6 22. Nc4 Ke6 23. Na3 a5 24. fxe4 Ke5 25. exf5 Kxf5 26. Nf3 Ke4
27. Kd2 g5 28. Nxg5+ Kf4 29. Ne6+ Ke4 30. Nxc7 Bb7 31. Re1+ Kd4 32. Ne6+ Kd5
33. c4# 1-0

[Event "Junior Online 4NCL Division 3"]
[Site "online"]
[Date "2020.10.29"]
[Round "6.138"]
[White "Arora, Bukkan"]
[Black "Narasimhan, Srivathsan"]
[Result "0-1"]
[WhiteElo "1000"]
[BlackElo "410"]
[PlyCount "34"]
[EventDate "2020.10.29"]
[WhiteTeam "Surrey Kings 2"]
[BlackTeam "East Kilbride Bishops"]

1. e4 e5 2. Bc4 Nf6 3. Nf3 Nc6 4. Nc3 Nxe4 5. Nxe4 d5 6. Bb5 dxe4 7. Bxc6+ bxc6
8. Nxe5 Bd6 9. Nxc6 Qf6 10. Nd4 Qxd4 11. O-O O-O 12. Re1 Qe5 13. d3 Qxh2+ 14.
Kf1 Qh1+ 15. Ke2 Bg4+ 16. Kd2 Bf4+ 17. Kc3 Bxd1 0-1

[Event "Junior Online 4NCL Division 3"]
[Site "online"]
[Date "2020.10.29"]
[Round "6.141"]
[White "Kulkarni, Arnav"]
[Black "Goswami, Pratyush"]
[Result "0-1"]
[WhiteElo "1033"]
[BlackElo "1262"]
[PlyCount "38"]
[EventDate "2020.10.29"]
[WhiteTeam "St John's College C"]
[BlackTeam "Rhodes Avenue Bishops"]

1. e4 c5 2. Nf3 e6 3. Nc3 Nc6 4. d3 Nge7 5. Bg5 g6 6. Bf6 Rg8 7. Bxe7 Bxe7 8.
Be2 b6 9. O-O Bb7 10. Qd2 Qc7 11. Rfe1 O-O-O 12. Rad1 f5 13. exf5 gxf5 14. d4
Nxd4 15. Nxd4 cxd4 16. Qxd4 Bxg2 17. f3 Bc5 18. Qxc5 Qxc5+ 19. Rd4 Qxd4# 0-1

[Event "Junior Online 4NCL Division 3"]
[Site "online"]
[Date "2020.10.29"]
[Round "6.142"]
[White "Dayle, Julian"]
[Black "Baranidharan, Kritthik"]
[Result "1-0"]
[WhiteElo "1000"]
[BlackElo "1040"]
[PlyCount "49"]
[EventDate "2020.10.29"]
[WhiteTeam "Rhodes Avenue Bishops"]
[BlackTeam "St John's College C"]

1. e4 e5 2. Nf3 Nc6 3. Bc4 Nf6 4. Nc3 a6 5. d3 h6 6. Be3 d6 7. O-O Be7 8. Qd2
O-O 9. Rad1 Bg4 10. h3 Bxf3 11. gxf3 Qd7 12. Kh2 Rad8 13. Rg1 Na5 14. Bxh6 Nh5
15. Be3 Bf6 16. Nd5 Nxc4 17. Nxf6+ Nxf6 18. dxc4 c6 19. Rxg7+ Kh8 20. Bh6 d5
21. Qg5 Qe7 22. Qh4 Rfe8 23. Rdg1 dxc4 24. Be3+ Nh7 25. Qxh7# 1-0

[Event "Junior Online 4NCL Division 3"]
[Site "online"]
[Date "2020.10.29"]
[Round "6.143"]
[White "Singh, Ayush"]
[Black "Bevan, Alexander"]
[Result "0-1"]
[WhiteElo "967"]
[BlackElo "977"]
[PlyCount "108"]
[EventDate "2020.10.29"]
[WhiteTeam "St John's College C"]
[BlackTeam "Rhodes Avenue Bishops"]

1. e4 c5 2. Nf3 Nc6 3. Nc3 Nf6 4. Bc4 e6 5. O-O d5 6. exd5 exd5 7. Bb5 Bd7 8.
Bxc6 Bxc6 9. Re1+ Be7 10. d4 c4 11. Bf4 O-O 12. Bg5 a6 13. Qe2 Re8 14. Ne5 Bd6
15. Nxc6 Rxe2 16. Nxd8 Rxe1+ 17. Rxe1 Rxd8 18. h3 Re8 19. Rxe8+ Nxe8 20. Nxd5
f6 21. Be3 Nc7 22. Nxc7 Bxc7 23. b3 cxb3 24. cxb3 Kf7 25. Kf1 Ke6 26. Ke2 Kd5
27. Kd3 Ba5 28. a3 Bc7 29. b4 a5 30. bxa5 Bxa5 31. g4 b5 32. Bd2 Bxd2 33. Kxd2
Kxd4 34. Kc2 Kc4 35. Kb2 g6 36. f3 f5 37. gxf5 gxf5 38. f4 h5 39. h4 b4 40.
axb4 Kxb4 41. Kc2 Kc4 42. Kd2 Kd4 43. Ke2 Ke4 44. Kf2 Kxf4 45. Kg2 Kg4 46. Kh2
Kxh4 47. Kg2 Kg4 48. Kh2 h4 49. Kg2 f4 50. Kh2 f3 51. Kg1 h3 52. Kh2 f2 53. Kh1
f1=Q+ 54. Kh2 Qg2# 0-1

[Event "Junior Online 4NCL Division 3"]
[Site "online"]
[Date "2020.10.29"]
[Round "6.145"]
[White "Goswami, Pratyush"]
[Black "Kulkarni, Arnav"]
[Result "1-0"]
[WhiteElo "1262"]
[BlackElo "1033"]
[PlyCount "125"]
[EventDate "2020.10.29"]
[WhiteTeam "Rhodes Avenue Bishops"]
[BlackTeam "St John's College C"]

1. c4 e5 2. g3 Nc6 3. Bg2 d6 4. Nc3 f5 5. d3 Nf6 6. Bg5 h6 7. Bd2 Be6 8. f4
exf4 9. Bxf4 Be7 10. Nf3 O-O 11. O-O Qd7 12. Qd2 Rad8 13. Rad1 a6 14. Bh3 Nb4
15. a3 Nc6 16. Qc2 Ng4 17. Bxg4 fxg4 18. Nd2 d5 19. cxd5 Bc5+ 20. e3 Bxd5 21.
Nxd5 Qxd5 22. Qc4 Qxc4 23. Nxc4 b5 24. d4 Bd6 25. Nxd6 cxd6 26. Rc1 Ne7 27. e4
g5 28. Be3 Rxf1+ 29. Rxf1 d5 30. e5 Kg7 31. Rf6 a5 32. Rb6 b4 33. axb4 axb4 34.
Rxb4 Rc8 35. Rb7 Kf7 36. b4 Rc3 37. Bf2 Rc1+ 38. Kg2 Ke6 39. Rb6+ Kf7 40. Rxh6
Nf5 41. Rf6+ Kg7 42. Rxf5 Rc4 43. Rxg5+ Kf7 44. Be1 Rxd4 45. b5 Re4 46. Bf2 Re2
47. b6 Rb2 48. Rxg4 Ke6 49. Rg5 Kd7 50. h4 Kc6 51. h5 d4 52. Rg4 d3 53. Rd4 d2
54. h6 Kxb6 55. Rxd2+ Kc6 56. Rxb2 Kd5 57. h7 Kxe5 58. h8=Q+ Kd5 59. Re2 Kd6
60. Qd8+ Kc6 61. Rc2+ Kb5 62. Qb8+ Ka6 63. Ra2# 1-0

[Event "Junior Online 4NCL Division 3"]
[Site "online"]
[Date "2020.10.29"]
[Round "6.146"]
[White "Baranidharan, Kritthik"]
[Black "Dayle, Julian"]
[Result "1-0"]
[WhiteElo "1040"]
[BlackElo "1000"]
[PlyCount "73"]
[EventDate "2020.10.29"]
[WhiteTeam "St John's College C"]
[BlackTeam "Rhodes Avenue Bishops"]

1. e4 e5 2. Nf3 Nc6 3. Nc3 Nf6 4. d4 exd4 5. Nxd4 Bc5 6. Nxc6 bxc6 7. Bd3 d5 8.
O-O d4 9. Na4 Bd6 10. Re1 Bc5 11. Nxc5 Bg4 12. f3 Bh5 13. e5 Nd5 14. e6 O-O 15.
exf7+ Rxf7 16. Ne6 Qh4 17. Bc4 Re7 18. Bxd5 cxd5 19. Bg5 Qxe1+ 20. Qxe1 Rae8
21. Bxe7 Rxe7 22. Qe5 Kf7 23. Qxh5+ Kxe6 24. Re1+ Kd7 25. Rxe7+ Kxe7 26. Qxh7
Kf7 27. Qf5+ Kg8 28. Qxd5+ Kh7 29. Qxd4 g5 30. Qd7+ Kh6 31. Qxc7 g4 32. fxg4 a5
33. Qc5 Kh7 34. g5 Kh8 35. g6 Kg8 36. Qe7 Kh8 37. Qh7# 1-0

[Event "Junior Online 4NCL Division 3"]
[Site "online"]
[Date "2020.10.29"]
[Round "6.147"]
[White "Bevan, Alexander"]
[Black "Singh, Ayush"]
[Result "1-0"]
[WhiteElo "977"]
[BlackElo "967"]
[PlyCount "103"]
[EventDate "2020.10.29"]
[WhiteTeam "Rhodes Avenue Bishops"]
[BlackTeam "St John's College C"]

1. e4 e5 2. Nf3 Nc6 3. Bc4 Bc5 4. Nc3 Nf6 5. d3 O-O 6. O-O d6 7. Bg5 h6 8. Bh4
Nd4 9. Nd5 Nxf3+ 10. Qxf3 g5 11. Nxf6+ Kg7 12. Nh5+ Kg6 13. Bxg5 hxg5 14. Ng3
Bd4 15. Qh5+ Kf6 16. Qh6+ Ke7 17. Qxg5+ Kd7 18. Qxd8+ Kxd8 19. c3 Bb6 20. Nh5
Bg4 21. Nf6 Be6 22. Bxe6 fxe6 23. Nh7 Rf7 24. Ng5 Rg7 25. Nxe6+ Ke7 26. Nxg7
Rg8 27. Nf5+ Ke6 28. Nh6 Rh8 29. Nf5 d5 30. Ng3 dxe4 31. Nxe4 Rh4 32. Ng5+ Kf5
33. Nf3 e4 34. Nxh4+ Kg4 35. dxe4 Kxh4 36. Rfe1 Kg4 37. e5 Bc5 38. e6 Kf5 39.
e7 Kf6 40. e8=Q Kf5 41. Qe5+ Kg6 42. Qxc5 Kf7 43. Qxc7+ Kg6 44. Qxb7 Kf6 45.
Qa6+ Kf5 46. Qxa7 Kf4 47. Qf7+ Kg4 48. Re4+ Kg5 49. Qd5+ Kg6 50. Re6+ Kf7 51.
Qd7+ Kf8 52. Re8# 1-0

[Event "Junior Online 4NCL Division 3"]
[Site "online"]
[Date "2020.10.29"]
[Round "6.148"]
[White "Fattorelli, Giulio"]
[Black "Gelmini, Gabriel"]
[Result "0-1"]
[WhiteElo "872"]
[BlackElo "985"]
[PlyCount "38"]
[EventDate "2020.10.29"]
[WhiteTeam "St John's College C"]
[BlackTeam "Rhodes Avenue Bishops"]

1. e4 c5 2. d4 cxd4 3. Qxd4 Nc6 4. Qd1 e5 5. Nf3 Nf6 6. Nc3 Bb4 7. a3 Ba5 8. b4
Bb6 9. Bc4 O-O 10. Nd5 Nxe4 11. O-O d6 12. Nxb6 axb6 13. Qe1 d5 14. Bg5 Nxg5
15. Nxg5 Qxg5 16. Bxd5 Bh3 17. b5 Rad8 18. Rd1 Rxd5 19. Rxd5 Qxg2# 0-1

[Event "Junior Online 4NCL Division 3"]
[Site "online"]
[Date "2020.10.29"]
[Round "6.151"]
[White "Cepoi, Gesneria-Codruta"]
[Black "Norton, Laurence"]
[Result "0-1"]
[WhiteElo "1375"]
[BlackElo "1000"]
[PlyCount "128"]
[EventDate "2020.10.29"]
[WhiteTeam "Uxbridge Girls"]
[BlackTeam "Leicestershire Juniors 4"]

1. e4 e5 2. Nf3 Nc6 3. Bc4 Bc5 4. d4 exd4 5. Ng5 Nh6 6. Nxf7 Nxf7 7. Qf3 O-O 8.
c3 dxc3 9. Nxc3 Nd4 10. Qd3 Qh4 11. g3 Qh3 12. Be3 Qg2 13. Rf1 Nf3+ 14. Ke2
Bxe3 15. Qxe3 Nxh2 16. Rh1 Ng4 17. Qf4 Nh2 18. Rag1 Qh3 19. g4 Qh6 20. Qxh6
gxh6 21. Rxh2 d6 22. f3 Kh8 23. Bd5 c6 24. Bc4 Ne5 25. Bd3 Nxf3 26. Rf1 Nd4+
27. Ke1 Nf3+ 28. Ke2 Bxg4 29. Rxh6 Nh2+ 30. Ke1 Nxf1 31. Bxf1 Rf7 32. Rxd6 Raf8
33. Bg2 Bf3 34. Bf1 Re7 35. Rd4 Rg7 36. Kd2 Rg1 37. Be2 Rg2 38. Rd7 Bxe2 39.
Nxe2 Rff2 40. Rd8+ Kg7 41. Rd7+ Kf6 42. Rd6+ Ke5 43. Rd3 Rxe2+ 44. Kc3 Rxe4 45.
Rh3 b5 46. Rxh7 Rg3+ 47. Kd2 Ra4 48. Rh5+ Kf6 49. a3 Rd4+ 50. Kc2 Rf4 51. Kb1
Rf2 52. Rh6+ Rg6 53. Rh3 Rgg2 54. Rc3 Rxb2+ 55. Ka1 Rbf2 56. Rxc6+ Ke5 57. Rc1
Kd4 58. Rd1+ Kc3 59. Kb1 Kb3 60. Kc1 Rb2 61. Rd3+ Kc4 62. Rd1 Kc3 63. Rf1 Rgc2+
64. Kd1 Rb1# 0-1

[Event "Junior Online 4NCL Division 3"]
[Site "online"]
[Date "2020.10.29"]
[Round "6.152"]
[White "Sehgal, Garv"]
[Black "Knight, Zoe B"]
[Result "1/2-1/2"]
[WhiteElo "1000"]
[BlackElo "925"]
[PlyCount "145"]
[EventDate "2020.10.29"]
[WhiteTeam "Leicestershire Juniors 4"]
[BlackTeam "Uxbridge Girls"]

1. e4 e5 2. Nc3 Bc5 3. Bc4 Qf6 4. Nf3 d6 5. d3 Bg4 6. Bg5 Bxf3 7. gxf3 Qxg5 8.
Qe2 Nf6 9. f4 exf4 10. O-O-O O-O 11. f3 Be3+ 12. Kb1 c6 13. Bb3 d5 14. exd5
cxd5 15. d4 Nc6 16. Rhg1 Nxd4 17. Rxg5 Nxe2 18. Nxe2 d4 19. Nxd4 Rad8 20. c3
Rfe8 21. Nf5 g6 22. Rxd8 Rxd8 23. Ne7+ Kg7 24. h4 Re8 25. Nd5 Nxd5 26. Bxd5 Re7
27. h5 h6 28. Rg2 Rd7 29. Be4 g5 30. Bf5 Kf6 31. Bxd7 Ke5 32. c4 b6 33. a4 Kd6
34. Bf5 Kc5 35. b3 Kb4 36. Ka2 Kc3 37. Bd7 a5 38. Be8 f6 39. Ka3 Bc1+ 40. Ka2
Be3 41. Re2 Kd3 42. Re1 Kd2 43. Rb1 Bd4 44. b4 axb4 45. Rxb4 Ke3 46. Bc6 g4 47.
fxg4 Kd2 48. Rb5 Ke3 49. a5 bxa5 50. Rxa5 f3 51. Bxf3 Kxf3 52. c5 Kxg4 53. c6
Bb6 54. Rb5 Bc7 55. Rb7 Ba5 56. c7 Bxc7 57. Rxc7 Kxh5 58. Rc5+ Kg4 59. Kb3 h5
60. Kc2 h4 61. Rc4+ Kg3 62. Rc3+ Kg2 63. Kd1 h3 64. Rc2+ Kg1 65. Re2 h2 66.
Re1+ Kg2 67. Re2+ Kg3 68. Re1 f5 69. Ke2 Kg2 70. Ke3 h1=Q 71. Rxh1 Kxh1 72. Kf4
Kg1 73. Kxf5 1/2-1/2

[Event "Junior Online 4NCL Division 3"]
[Site "online"]
[Date "2020.10.29"]
[Round "6.153"]
[White "Siddiqui, Zainab"]
[Black "Morris, Conor"]
[Result "1-0"]
[WhiteElo "835"]
[BlackElo "992"]
[PlyCount "53"]
[EventDate "2020.10.29"]
[WhiteTeam "Uxbridge Girls"]
[BlackTeam "Leicestershire Juniors 4"]

1. e4 e5 2. Bc4 Nf6 3. Qf3 d6 4. Nh3 g5 5. Nxg5 d5 6. exd5 Nxd5 7. Nxf7 Qe7 8.
Qxd5 Qxf7 9. Qxf7+ Kd8 10. O-O h5 11. Na3 Nc6 12. Qf6+ Be7 13. Qxh8+ Bf8 14.
Qxf8+ Kd7 15. d3 b6 16. Bg5 a5 17. Bd5 Na7 18. Bxa8 Nb5 19. Rae1 Nxa3 20. bxa3
Bb7 21. Bxb7 Ke6 22. Qe7+ Kf5 23. Qxe5+ Kg6 24. Qf6+ Kh7 25. Re7+ Kg8 26. Re8+
Kh7 27. Qf7# 1-0

[Event "Junior Online 4NCL Division 3"]
[Site "online"]
[Date "2020.10.29"]
[Round "6.154"]
[White "Dahi, Varad Prakash"]
[Black "Vijayakumar, Mrinali"]
[Result "1-0"]
[WhiteElo "895"]
[BlackElo "842"]
[PlyCount "61"]
[EventDate "2020.10.29"]
[WhiteTeam "Leicestershire Juniors 4"]
[BlackTeam "Uxbridge Girls"]

1. e4 e5 2. Nf3 Nc6 3. Bb5 a6 4. Bxc6 dxc6 5. Nc3 Bd6 6. d3 Nf6 7. Bg5 O-O 8.
Bxf6 Qxf6 9. O-O Bg4 10. a3 Qxf3 11. Qxf3 Bxf3 12. gxf3 Rae8 13. b4 Re6 14. Kh1
c5 15. bxc5 Bxc5 16. Na4 Bd4 17. Rab1 Rf6 18. Rxb7 Rxf3 19. Rxc7 Bxf2 20. Kg2
Rf4 21. Rxf2 Rg4+ 22. Kh1 Rg5 23. Nb6 f5 24. Nd7 Rd8 25. Nxe5 fxe4 26. Nf7 Re8
27. Nxg5 exd3 28. cxd3 Re1+ 29. Kg2 h6 30. Rc8+ Re8 31. Rxe8# 1-0

[Event "Junior Online 4NCL Division 3"]
[Site "online"]
[Date "2020.10.29"]
[Round "6.155"]
[White "Norton, Laurence"]
[Black "Cepoi, Gesneria-Codruta"]
[Result "0-1"]
[WhiteElo "1000"]
[BlackElo "1375"]
[PlyCount "78"]
[EventDate "2020.10.29"]
[WhiteTeam "Leicestershire Juniors 4"]
[BlackTeam "Uxbridge Girls"]

1. e4 e5 2. Nf3 Nc6 3. Bc4 h6 4. O-O Nf6 5. d3 d6 6. Nc3 a6 7. Nd5 Nxd5 8. Bxd5
Ne7 9. Bc4 b5 10. Bb3 f6 11. Be3 Nc6 12. Bd5 Bb7 13. c3 Qd7 14. Qb3 O-O-O 15.
Be6 Na5 16. Bxd7+ Rxd7 17. Qe6 Nc6 18. Qe8+ Rd8 19. Qh5 Ne7 20. d4 g6 21. dxe5
gxh5 22. exf6 Ng6 23. Nd4 Bxe4 24. Ne6 Rd7 25. Nxf8 Rxf8 26. Bd4 c5 27. Be3 Rh7
28. f3 Bd3 29. Rad1 Bxf1 30. Kxf1 Rxf6 31. g3 Kc7 32. Kg2 Kc6 33. f4 h4 34. h3
h5 35. gxh4 Nxh4+ 36. Kg3 Nf5+ 37. Kf3 Rg7 38. b3 Rg3+ 39. Ke4 Rxe3# 0-1

[Event "Junior Online 4NCL Division 3"]
[Site "online"]
[Date "2020.10.29"]
[Round "6.156"]
[White "Knight, Zoe B"]
[Black "Sehgal, Garv"]
[Result "0-1"]
[WhiteElo "925"]
[BlackElo "1000"]
[PlyCount "107"]
[EventDate "2020.10.29"]
[WhiteTeam "Uxbridge Girls"]
[BlackTeam "Leicestershire Juniors 4"]

1. e4 e5 2. Bc4 Nc6 3. Qf3 Nf6 4. Nc3 Bc5 5. d3 d6 6. Bg5 Be6 7. Be3 Bxc4 8.
Bxc5 dxc5 9. dxc4 Qd4 10. Nge2 Qxc4 11. O-O O-O-O 12. b3 Qe6 13. Rad1 Rxd1 14.
Rxd1 Nd7 15. Nd5 Rd8 16. c4 Nb6 17. Qe3 f5 18. f3 fxe4 19. fxe4 h6 20. Nec3 g5
21. g4 Qxg4+ 22. Qg3 Qxg3+ 23. hxg3 h5 24. Kh2 h4 25. gxh4 gxh4 26. Kh3 Rh8 27.
Ne7+ Nxe7 28. Nd5 Nexd5 29. exd5 c6 30. d6 e4 31. d7+ Nxd7 32. Re1 Nf6 33. Re3
Kd7 34. Kg2 Rg8+ 35. Kh3 Rh8 36. Re2 b5 37. b4 cxb4 38. cxb5 cxb5 39. Re3 a5
40. Rb3 a4 41. Rxb4 e3 42. Rb1 e2 43. Re1 b4 44. Rxe2 b3 45. Rb2 Ne4 46. axb3
axb3 47. Rxb3 Nf2+ 48. Kg2 Ne4 49. Kh3 Ng5+ 50. Kg2 h3+ 51. Kh2 Ke6 52. Re3+
Kf5 53. Rg3 Kf4 54. Rxh3 0-1

[Event "Junior Online 4NCL Division 3"]
[Site "online"]
[Date "2020.10.29"]
[Round "6.157"]
[White "Morris, Conor"]
[Black "Siddiqui, Zainab"]
[Result "0-1"]
[WhiteElo "992"]
[BlackElo "835"]
[PlyCount "104"]
[EventDate "2020.10.29"]
[WhiteTeam "Leicestershire Juniors 4"]
[BlackTeam "Uxbridge Girls"]

1. e4 e5 2. Qh5 Qf6 3. Bc4 g6 4. Qf3 Qxf3 5. Nxf3 Bc5 6. Ng5 Nf6 7. Bxf7+ Kf8
8. d3 Ng4 9. d4 Bxd4 10. Rf1 h6 11. Nf3 Kxf7 12. Be3 Bxb2 13. Nxe5+ Nxe5 14.
Bd4 Bxd4 15. c3 Nd3+ 16. Ke2 Nf4+ 17. Kf3 Be5 18. g3 Nd3 19. Ke3 Nc5 20. Nd2
Bxc3 21. Rad1 Bxd2+ 22. Kxd2 Nxe4+ 23. Kd3 d5 24. Kd4 c6 25. Ke5 Bg4 26. f3
Nd7+ 27. Kf4 Bh3 28. Rf2 Nxf2 29. Rd2 g5+ 30. Ke3 Nh1 31. f4 Rhe8+ 32. Kd3 Bf5+
33. Kd4 c5+ 34. Kxd5 Nf6+ 35. Kxc5 Rac8+ 36. Kd6 Rcd8+ 37. Kc5 Rxd2 38. Kc4
Rc8+ 39. Kb3 a5 40. a4 b6 41. Ka3 Rc4 42. Kb3 Rdd4 43. Kb2 Rd3 44. Kb1 Rcc3 45.
Kb2 Rb3+ 46. Kc2 Rdc3+ 47. Kd2 Rd3+ 48. Kc2 Nd5 49. Kc1 Rdc3+ 50. Kd2 Rb2+ 51.
Kd1 Rcc2 52. Ke1 Rb1# 0-1

[Event "Junior Online 4NCL Division 3"]
[Site "online"]
[Date "2020.10.29"]
[Round "6.158"]
[White "Vijayakumar, Mrinali"]
[Black "Dahi, Varad Prakash"]
[Result "0-1"]
[WhiteElo "842"]
[BlackElo "895"]
[PlyCount "74"]
[EventDate "2020.10.29"]
[WhiteTeam "Uxbridge Girls"]
[BlackTeam "Leicestershire Juniors 4"]

1. e4 e5 2. Nf3 Nc6 3. Bc4 h6 4. O-O Bc5 5. Nc3 Bb4 6. Nd5 Nf6 7. a3 Nxd5 8.
exd5 Bxd2 9. Bxd2 Ne7 10. Nxe5 O-O 11. Qg4 d6 12. Bxh6 Bxg4 13. Nxg4 gxh6 14.
Nf6+ Kg7 15. Nh5+ Kg6 16. Be2 Nxd5 17. c4 Ne7 18. Rad1 Kf5 19. Ng3+ Ke6 20.
Bg4+ f5 21. Rfe1+ Kd7 22. Bf3 f4 23. Bg4+ Ke8 24. Bh5+ Kd7 25. Bg4+ Kc6 26. Ne4
d5 27. cxd5+ Nxd5 28. Rc1+ Kb6 29. Nc5 Re8 30. Nd7+ Ka6 31. Nc5+ Kb6 32. Na4+
Ka6 33. Red1 Ka5 34. Rd4 Qe7 35. b4+ Kxa4 36. Rxd5 Qe1+ 37. Rxe1 Rxe1# 0-1

[Event "Junior Online 4NCL Division 3"]
[Site "online"]
[Date "2020.10.29"]
[Round "6.161"]
[White "Jayawarna, Thisumi"]
[Black "Barbier-Ramaiah, Riya Aude"]
[Result "0-1"]
[WhiteElo "1637"]
[BlackElo "1427"]
[PlyCount "164"]
[EventDate "2020.10.29"]
[WhiteTeam "Manchester Juniors B"]
[BlackTeam "May The Fork Be With You 3"]

1. e4 c6 2. d4 d5 3. Nc3 dxe4 4. Nxe4 Bf5 5. Ng3 Bg6 6. Nf3 Nd7 7. h4 h6 8. h5
Bh7 9. Bd3 Bxd3 10. Qxd3 Ngf6 11. Be3 e6 12. O-O-O Be7 13. Kb1 O-O 14. Ne4 Nxe4
15. Qxe4 Nf6 16. Qd3 b5 17. Ne5 Qc7 18. g4 a5 19. g5 hxg5 20. Bxg5 Nd5 21. Bxe7
Nxe7 22. h6 g6 23. h7+ Kh8 24. Qf3 Nf5 25. Qg4 b4 26. Qg5 Qe7 27. Qxe7 Nxe7 28.
Nd7 Rfd8 29. Ne5 Rf8 30. Rd3 a4 31. Nd7 Rfd8 32. Nb6 Ra6 33. Nc4 Rb8 34. b3
axb3 35. cxb3 Rba8 36. Rd2 R6a7 37. Nb6 Rb8 38. Na4 Rba8 39. Rc2 Ra6 40. Nc5
R6a7 41. Ne4 Ra6 42. Ng5 Rf8 43. Re2 Kg7 44. h8=Q+ Rxh8 45. Rxh8 Kxh8 46. Nxf7+
Kg7 47. Nd6 Ra7 48. Rxe6 Rd7 49. Nc4 Kf7 50. Rxc6 Rxd4 51. Ne5+ Kf8 52. Nxg6+
Nxg6 53. Rxg6 Rf4 54. Rb6 Ke7 55. f3 Kd7 56. Kc2 Kc7 57. Rb5 Kc6 58. Rb8 Kc5
59. Kd2 Rxf3 60. Ke2 Rh3 61. Rf8 Rh2+ 62. Rf2 Rxf2+ 63. Kxf2 Kd4 64. Ke2 Kc3
65. Ke3 Kb2 66. Kd3 Kxa2 67. Kc2 Ka3 68. Kb1 Kxb3 69. Ka1 Ka3 70. Kb1 Kb3 71.
Ka1 Kc2 72. Ka2 b3+ 73. Ka3 b2 74. Ka4 b1=Q 75. Ka5 Qb3 76. Ka6 Qb4 77. Ka7 Qb5
78. Ka8 Kc3 79. Ka7 Kc4 80. Ka8 Kc5 81. Ka7 Kc6 82. Ka8 Qb7# 0-1